| 000 | 00470nam a2200169 a 4500 | ||
|---|---|---|---|
| 001 | 0000-8720 | ||
| 003 | ELIB.Books | ||
| 008 | 110520 1974 | ||
| 035 | _a(ELIB.Books)0000-8866 | ||
| 082 |
_aR _bBot |
||
| 100 | _aBotterweck, G. Johannes | ||
| 245 | _aTheological Dictionary of the Old Testament Vol-II | ||
| 260 |
_bGrand Rapids: Wm. B. Eerdmans Publishing Co. _c1974 |
||
| 650 | _aReference | ||
| 942 |
_2ddc _cBK |
||
| 998 |
_cbat _e2011-05-20 |
||
| 999 |
_c8720 _d8720 |
||